Catálogo

CAPSICUM Y CULTURA : (Registro nro. 55271)

Detalles MARC
000 -LEADER
fixed length control field 00992nam a2200193 a 4500
001 - CONTROL NUMBER
control field 55271
005 - DATE AND TIME OF LATEST TRANSACTION
control field 20180714050517.0
008 - FIXED-LENGTH DATA ELEMENTS--GENERAL INFORMATION
fixed length control field 140415s1998 mx 000 0 spa d
020 ## - INTERNATIONAL STANDARD BOOK NUMBER
International Standard Book Number 9681653807
041 ## - LANGUAGE CODE
Language code of text/sound track or separate title spa
082 ## - DEWEY DECIMAL CLASSIFICATION NUMBER
Classification number 633.84
Item number LON
100 1# - MAIN ENTRY--PERSONAL NAME
Personal name LONG-SOLIS, JANET
245 10 - TITLE STATEMENT
Title CAPSICUM Y CULTURA :
Remainder of title LA HISTORIA DEL CHILLI
250 ## - EDITION STATEMENT
Edition statement 1a ed.
260 ## - PUBLICATION, DISTRIBUTION, ETC.
Place of publication, distribution, etc. MEXICO :
Name of publisher, distributor, etc. FONDO DE CULTURA ECONOMICA,
Date of publication, distribution, etc. 1998
300 ## - PHYSICAL DESCRIPTION
Extent 231
Dimensions 15 x 1.5 x 23
520 ## - SUMMARY, ETC.
Summary, etc. AUNQUE COLON NO ENCONTRO UNA NUEVA RUTA HACIA ORIENTE ENCONTRO UNA GRAN DIVERSIDAD DE PLANTAS ALIMENTICIAS; ENTRE ELLAS EL CAPSICUM CONOCIDO EN MEXICO COMO CHILE Y EN OTROS PAISES CONOCIDO COMO, AJI, LA LARGA TRADICION QUE TIENE EL CHILE ENTRE NOSOTROS SE REFLEJA EN EL USO DE SU NOMBRE EN DICHOS, JUEGOS DE PALABRAS Y CANCIONES. SUS USOS MEDICINALES DATAN TAMBIEN DE LA EPOCA PRECOLOMBINA Y LAS INDUSTRIAS FARMACEUTICAS Y COSMETICA LE DAN HOY GRAN CANTIDAD DE APLICACIONES
650 14 - SUBJECT ADDED ENTRY--TOPICAL TERM
Topical term or geographic name entry element AJI
General subdivision MEXICO
-- HISTORIA
Existencias
Withdrawn status Lost status Source of classification or shelving scheme Damaged status Not for loan Collection code Home library Current library Shelving location Date acquired Source of acquisition Inventory number Total Checkouts Total Renewals Full call number Barcode Date last seen Date last checked out Price effective from Koha item type
    Dewey Decimal Classification     General Biblioteca Karol Wojtyla Biblioteca Karol Wojtyla Sala general 03/12/2013 Compra 151000000000000000011850 1 1 633.84 LON 82966 05/01/2026 16/03/2019 03/12/2013 Libro